000 00305nam a22001337a 4500
008 180226b xxu||||| |||| 00| 0 eng d
020 _a9781453871201
041 _aeng
080 _a004
100 _a28
101 _aSHK
245 _aGuide to adobe premiere elements 9
_cGrisetti,S
942 _2udc
_cBK
999 _c43396
_d43396